1025 1627 1297 1257 1396 1438 1356 1043 1214 1996 1145 1623 1232 1378 1842 1248 1442 1451 1774 1842 1652 1205 1716 1008 1503 1556 1077 1298 1802 1508 1111 1511 1632 1292 1670 1575 1413 1329 1029 1059 1342 1180 1795 1729 1153 1240 1994 1818 1713 1031 1243 1704 1387 1785 1371 1950 1460 1132 1607 1851 1097 1025 1843 1716 1953 1938 1354 1851 1674 1158 1480 1758 1237 1194 1752 1605 1136 1940 1473 1533 1403 1621 1111 1499 1108 1831 1765 1528 1479 1847 1768 1079 1082 1883 1675 1981 1887 1836 1073 BCNSPRNW ULIB Ver.6.0+V

เปลี่ยนเป็นภาษาไทย

Change to English
 แสดงรายละเอียดบรรณานุกรม
  กลับหน้าหลัก

Brief Record : Get Marc (ISO 2709) : E-mail record : QR code < ปิดหน้าต่าง
LEADER : 00000nam 2200000uu 4500
001    13399114660
003     ULIB
008    120427sมปป.||||th 000 0 tha d
020    ^a9786117123184
090    ^aนว.^bพ541ร
100 0  ^aพลอยภัทรา
245 00 ^aรักในม่านใน/^cพลอยภัทรา
250    ^aพิมพ์ครั้งที่ 1
260    ^aกรุงเทพฯ :^bกรีนมายด์
300    ^a359 หน้า
945    ^p249^l0^i15781
995    ^aกัณชพร
999 ^a ใช้งานได้ทุกระบบ
รายการนี้ยังไม่มีแท็ก
คุณยังไม่ได้ล็อกอิน คุณสามารถมีกิจกรรมร่วมกับเว็บไซต์ได้ แต่ต้องล็อกอินก่อน ::
  ล็อกอิน

รายการสื่อสารสนเทศ

ลำดับที่ ประเภท เลขเรียก/บาร์โค้ด สถานที่ สถานะ
1. วิทยาศาสตร์การแพทย์ และสุขภาพ
วิทยาศาสตร์การแพทย์ และสุขภาพ
นว. พ541ร  
  Barcode: 15781
ห้องสมุดวิทยาเขตสวรรค์ประชารักษ์
►นวนิยาย
บนชั้น
  ขอยืม

BibComment


ยังไม่เคยถูกคอมเมนท์

คอมเมนท์ทรัพยากรรายการนี้
  คอมเมนท์: รักในม่านใน พลอย..


 Copyright 2026. Bcnsprnw @Library